Statistics for Nickelback Charting Songs (Billboard Hot 100)

Click here to take the quiz!

General Stats

  • This quiz has been taken 46 times
  • The average score is 9 of 19

Answer Stats

AlbumWeeks OnPeakArtist(s)Song% Correct
Silver Side Up49 Weeks#1 (4 Weeks)NickelbackHow You Remind Me
93%
All the Right Reasons33 Weeks#2NickelbackPhotograph
86%
All the Right Reasons49 Weeks#6NickelbackRockstar
74%
The Long Road50 Weeks#7NickelbackSomeday
64%
All the Right Reasons30 Weeks#8NickelbackFar Away
60%
All the Right Reasons3 Weeks#97NickelbackAnimals
57%
Dark Horse22 Weeks#19NickelbackIf Today Was Your Last Day
45%
All the Right Reasons28 Weeks#19NickelbackSavin' Me
45%
Dark Horse27 Weeks#10NickelbackGotta Be Somebody
43%
All the Right Reasons22 Weeks#17NickelbackIf Everyone Cared
43%
Here and Now16 Weeks#44NickelbackWhen We Stand Together
38%
Dark Horse1 Week#96NickelbackSomething In Your Mouth
36%
Here and Now1 Week#89NickelbackLullaby
33%
Dark Horse20 Weeks#34NickelbackThis Afternoon
31%
Dark Horse2 Weeks#44NickelbackI'd Come for You
26%
The Long Road19 Weeks#45NickelbackFigured You Out
24%
Dark Horse17 Weeks#58NickelbackNever Gonna Be Alone
24%
Silver Side Up20 Weeks#42NickelbackToo Bad
24%
The Long Road16 Weeks#48NickelbackFeelin' Way Too Damn Good
14%

Score Distribution

Percentile by Number Answered

Percent of People with Each Score

Your Score History

You have not taken this quiz